Education for a new era : (Record no. 597761)
[ view plain ]
| 000 -LEADER | |
|---|---|
| fixed length control field | 03243cam a2200529 i 4500 |
| 001 - CONTROL NUMBER | |
| control field | rnd000000000111596 |
| 003 - CONTROL NUMBER IDENTIFIER | |
| control field | RAND |
| 005 - DATE AND TIME OF LATEST TRANSACTION | |
| control field | 20200811100816.0 |
| 008 - FIXED-LENGTH DATA ELEMENTS--GENERAL INFORMATION | |
| fixed length control field | 070412s2007 cau 000 0 eng d |
| 010 ## - LIBRARY OF CONGRESS CONTROL NUMBER | |
| LC control number | 2006027019 |
| 020 ## - INTERNATIONAL STANDARD BOOK NUMBER | |
| International Standard Book Number | 0833040073 (pbk. : alk. paper) |
| 020 ## - INTERNATIONAL STANDARD BOOK NUMBER | |
| International Standard Book Number | 0833047833 (electronic bk.) |
| 020 ## - INTERNATIONAL STANDARD BOOK NUMBER | |
| International Standard Book Number | 9780833040077 (pbk. : alk. paper) |
| 020 ## - INTERNATIONAL STANDARD BOOK NUMBER | |
| International Standard Book Number | 9780833047830 (electronic bk.) |
| 027 ## - STANDARD TECHNICAL REPORT NUMBER | |
| Standard technical report number | RAND/MG-548-QATAR |
| 035 ## - SYSTEM CONTROL NUMBER | |
| System control number | (Sirsi) a510983 |
| 037 ## - SOURCE OF ACQUISITION | |
| Terms of availability | $30.00 |
| Form of issue | paperback |
| 040 ## - CATALOGING SOURCE | |
| Original cataloging agency | CstmoR |
| Transcribing agency | CstmoR |
| 043 ## - GEOGRAPHIC AREA CODE | |
| Geographic area code | a-qa--- |
| 050 #4 - LIBRARY OF CONGRESS CALL NUMBER | |
| Classification number | LA1435 |
| Item number | .E38 2007 |
| 245 00 - TITLE STATEMENT | |
| Title | Education for a new era : |
| Remainder of title | design and implementation of K-12 education reform in Qatar / |
| Statement of responsibility, etc | Dominic J. Brewer ... [et al.]. |
| 264 #1 - PRODUCTION, PUBLICATION, DISTRIBUTION, MANUFACTURE STATEMENTS | |
| Place of production, publication, distribution, manufacture | Santa Monica, CA : |
| Name of producer, publisher, distributor, manufacturer | RAND, |
| Date of production, publication, distribution, manufacture | 2007. |
| 300 ## - PHYSICAL DESCRIPTION | |
| Extent | xxxvii, 177 pages ; |
| Dimensions | 28 cm |
| 336 ## - CONTENT TYPE | |
| Content Type Term | text |
| Content Type Code | txt |
| Source | rdacontent |
| 337 ## - MEDIA TYPE | |
| Media Type Term | computer |
| Media Type Code | c |
| Source | rdamedia |
| 337 ## - MEDIA TYPE | |
| Media Type Term | unmediated |
| Media Type Code | n |
| Source | rdamedia |
| 338 ## - CARRIER TYPE | |
| Carrier Type Term | online resource |
| Carrier Type Code | cr |
| Source | rdacarrier |
| 338 ## - CARRIER TYPE | |
| Carrier Type Term | volume |
| Carrier Type Code | nc |
| Source | rdacarrier |
| 500 ## - GENERAL NOTE | |
| General note | "RAND-Qatar Policy Institute." |
| 504 ## - BIBLIOGRAPHY, ETC. NOTE | |
| Bibliography, etc | Includes bibliographical references (p. 171-177). |
| 505 0# - FORMATTED CONTENTS NOTE | |
| Formatted contents note | Introduction -- Qatar and Its Education System -- Analysis of Qatar's Education System -- The Reform Model -- Realizing the Independent School Model: Refined Design and Implementation Strategy -- Building the Organizational Structure -- Developing the Curriculum Standards and Supporting Their Implementation -- Developing the Assessment System -- Establishing the Independent Schools -- Challenges of a Rapid and Comprehensive Reform -- Accomplishments, Recommendations, and Implications -- Appendix: RAND Staff. |
| 520 ## - SUMMARY, ETC. | |
| Summary, etc | The leadership of Qatar has a social and political vision that calls for improving the outcomes of the Qatari K-12 education system. With this vision in mind, the leadership asked RAND to examine Qatar's K-12 education system, to recommend options for building a world-class system, and, subsequently, to develop the chosen option and support its implementation. The option that was selected includes internationally benchmarked curriculum standards, national testing based on those standards, independent government-funded schools, and parental choice among schools using annual school report cards. This monograph describes Phase I (2001-2004) of the Qatari education reform initiative, Education for a New Era, based on RAND's experiences as part of this ambitious effort involving Qataris and Qatari organizations, and international consultants and contractors. |
| 530 ## - ADDITIONAL PHYSICAL FORM AVAILABLE NOTE | |
| Additional physical form available note | Also available on the internet via WWW in PDF format. |
| 650 #0 - SUBJECT ADDED ENTRY--TOPICAL TERM | |
| Topical term or geographic name as entry element | Education and state |
| Geographic subdivision | Qatar. |
| 650 #0 - SUBJECT ADDED ENTRY--TOPICAL TERM | |
| Topical term or geographic name as entry element | Education |
| Geographic subdivision | Qatar. |
| 700 1# - ADDED ENTRY--PERSONAL NAME | |
| Personal name | Brewer, Dominic J. |
| Relator term | author. |
| 700 1# - ADDED ENTRY--PERSONAL NAME | |
| Personal name | Augustine, Catherine H., |
| Dates associated with a name | 1968- |
| Relator term | author. |
| 700 1# - ADDED ENTRY--PERSONAL NAME | |
| Personal name | Zellman, Gail. |
| Relator term | author. |
| 700 1# - ADDED ENTRY--PERSONAL NAME | |
| Personal name | Ryan, Gery Wayne. |
| Relator term | author. |
| 700 1# - ADDED ENTRY--PERSONAL NAME | |
| Personal name | Goldman, Charles A., |
| Dates associated with a name | 1964- |
| Relator term | author. |
| 700 1# - ADDED ENTRY--PERSONAL NAME | |
| Personal name | Stasz, Cathleen, |
| Dates associated with a name | 1947- |
| Relator term | author. |
| 700 1# - ADDED ENTRY--PERSONAL NAME | |
| Personal name | Constant, Louay. |
| Relator term | author. |
| 710 2# - ADDED ENTRY--CORPORATE NAME | |
| Corporate name or jurisdiction name as entry element | Rand-Qatar Policy Institute. |
| 710 2# - ADDED ENTRY--CORPORATE NAME | |
| Corporate name or jurisdiction name as entry element | RAND Education (Institute) |
| 710 2# - ADDED ENTRY--CORPORATE NAME | |
| Corporate name or jurisdiction name as entry element | Rand Corporation. |
| 710 1# - ADDED ENTRY--CORPORATE NAME | |
| Corporate name or jurisdiction name as entry element | Qatar. |
| Subordinate unit | Supreme Education Council. |
| 856 41 - ELECTRONIC LOCATION AND ACCESS | |
| Link text | Online Access |
| Uniform Resource Identifier | <a href="http://www.rand.org/pubs/monographs/MG548/">http://www.rand.org/pubs/monographs/MG548/</a> |
No items available.

